000 00460nam a2200145 4500
001 118439
003 ES-MaACL
005 20230906191111.0
007 t|
008 070214s1907 sp r ||||1| spa d
100 1 _aPérez Agudo, Eduardo.
_990625
245 1 0 _aOrganización municipal de Madrid en el Edad Media
_b: Tesis doctoral /
_cpor Eduardo Pérez Agudo.
260 _aMadrid :
_b[s.n.],
_c1907 (
_fTip. `New Job Press`)
852 _aES-MaACL
_jT-1127-F-4
999 _c118439
_d118439